000 00457nam a2200181Ia 4500
001 12801
005 20260306163007.0
008 260306t2012||||xx |||||||||||||| ||spa||
041 _aESP
082 _aRD 332
_bC95
100 _aCué Vega, Andrés
_eAUT
245 0 _aDiccionario de finanzas:
_bespañol-inglés, inglés-español
260 _c2012
300 _a207 páginas :
_c23 cm.
650 _aGEN
654 _aCAN
942 _cDIC
_dJUS
_fJUS
_2ddc
_n
999 _c12801
_d12801